| 000 | 01035cam a22002891 4500 | ||
|---|---|---|---|
| 001 | 1697047 | ||
| 003 | ARRUPE | ||
| 005 | 20160916083626.0 | ||
| 008 | 711013s1968 nyua b 000 0 eng | ||
| 010 | _a 66011709 | ||
| 040 |
_aDLC _cDLC _dDLC |
||
| 041 | 1 | _aengfre | |
| 043 | _af-cg--- | ||
| 050 | 0 | 0 |
_aDT655 _b.B3613 1968b |
| 082 | 0 | 0 | _a916.75/03/1 |
| 100 | 1 |
_aBalandier, Georges. _925890 |
|
| 245 | 1 | 0 |
_aDaily life in the Kingdom of the Kongo from the sixteenth to the eighteenth century. _cTranslated from the French by Helen Weaver. |
| 250 | _a[1st American ed.] | ||
| 260 |
_aNew York, _bPantheon Books _c[1968] |
||
| 300 |
_a288 p. _billus. _c22 cm. |
||
| 500 | _aTranslation of La vie quotidienne au royaume de Kongo du XVIe au XVIIIe siècle. | ||
| 504 | _aBibliography: p. 283-284. | ||
| 651 | 0 |
_aCongo (Democratic Republic) _xHistory _yTo 1908. _925891 |
|
| 651 | 0 |
_aCongo (Democratic Republic) _xSocial life and customs. _925892 |
|
| 906 |
_a7 _bcbc _corignew _du _eocip _f19 _gy-gencatlg |
||
| 942 |
_2lcc _cMONOGRAPH |
||
| 999 |
_c125264 _d125264 |
||